000 01294nam a2200337 a 4500
001 1601
003 BD-RjUL
005 20211208233352.0
008 150401s2005 ii a b 001 0 eng
020 _a0761933204 (hardback)
020 _a0761933212 (pbk.)
035 _a(BD-RjUL)
040 _aDLC
_cDLC
_dDLC
_beng
041 _aeng
082 0 0 _a791.430954
_222
_bBOL 2005
245 0 0 _aBollyworld :
_bpopular Indian cinema through a transnational lens /
_ceditors, Raminder Kaur, Ajay J. Sinha.
260 _aNew Delhi ;
_aThousand Oaks, Calif. :
_bSage Publications,
_c2005.
300 _a343 p. :
_bill. (some col.) ;
_c23 cm.
504 _aIncludes bibliographical references and index.
650 0 _aMotion pictures
_xSocial aspects
_zIndia.
_9116484
650 0 _aMotion pictures
_zIndia
_xForeign influences.
_9116485
650 0 _aMotion pictures, Indic.
_9116486
651 0 _aIndia
_xIn motion pictures.
_9116487
700 1 _aKaur, Raminder.
_9116488
700 1 _aSinha, Ajay J.,
_d1956-
_9116489
856 4 1 _3Table of contents only
_uhttp://www.loc.gov/catdir/toc/ecip058/2005004208.html
856 4 2 _3Publisher description
_uhttp://www.loc.gov/catdir/enhancements/fy0658/2005004208-d.html
942 _2ddc
_cBK
999 _c1601
_d1601